The beautiful India : (Record no. 130823)

MARC details
000 -LEADER
fixed length control field 00841nam a22002537a 4500
003 - CONTROL NUMBER IDENTIFIER
control field dpl
005 - DATE AND TIME OF LATEST TRANSACTION
control field 20180630154317.0
008 - FIXED-LENGTH DATA ELEMENTS--GENERAL INFORMATION
fixed length control field 180522b xxu||||| |||| 00| 0 eng d
010 ## - LIBRARY OF CONGRESS CONTROL NUMBER
LC control number B-217624, B-217629
020 ## - INTERNATIONAL STANDARD BOOK NUMBER
Terms of availability 1100.00
International Standard Book Number 8188583782
035 ## - SYSTEM CONTROL NUMBER
System control number B-217624, B-217626
037 ## - SOURCE OF ACQUISITION
Source of stock number/acquisition Cen Lib/Ret
040 ## - CATALOGING SOURCE
Original cataloging agency DPL
Language of cataloging EN
Transcribing agency 0
082 ## - DEWEY DECIMAL CLASSIFICATION NUMBER
Classification number 954.11
Item number BEA
245 ## - TITLE STATEMENT
Title The beautiful India :
Statement of responsibility, etc edited by S. A. Rahman
Remainder of title Jammu and Kashmir /
260 ## - PUBLICATION, DISTRIBUTION, ETC. (IMPRINT)
Place of publication, distribution, etc New Delhi
Name of publisher, distributor, etc Reference Press
Date of publication, distribution, etc 2005
270 ## - ADDRESS
City New Delhi
Address 4831/24, Ansari Road, Darya Ganj
Postal code 110002
300 ## - PHYSICAL DESCRIPTION
Extent x,494p.
Dimensions 22cm(Hb)
500 ## - GENERAL NOTE
General note Includes bibliographical references
650 ## - SUBJECT ADDED ENTRY--TOPICAL TERM
Topical term or geographic name as entry element India -- Jammu and Kashmir
9 (RLIN) 105303
650 ## - SUBJECT ADDED ENTRY--TOPICAL TERM
Topical term or geographic name as entry element Language and literature of Jammu and Kashmir
9 (RLIN) 30192
700 ## - ADDED ENTRY--PERSONAL NAME
Personal name S.A.Rahman
9 (RLIN) 28212
942 ## - ADDED ENTRY ELEMENTS (KOHA)
Source of classification or shelving scheme Dewey Decimal Classification
Koha item type English Books
Classification part 954.11
Call number suffix BEA
Holdings
Withdrawn status Lost status Damaged status Not for loan Home library Current library Date acquired Source of acquisition Cost, normal purchase price Total Checkouts Total Renewals Full call number Barcode Date last seen Date checked out Copy number Cost, replacement price Price effective from Koha item type Collection code Source of classification or shelving scheme
        Central Library Central Library 10/07/2015 Cen Lib/Ret 1100.00 4 2 954.11 BEA B-217624 23/09/2024 14/08/2024 1 1100.00 10/07/2015 English Books    
      Not For Loan Central Library Central Library 28/07/2015 Cen Lib/Ret 1100.00     954.11 BEA B-217625 28/07/2015   2 1100.00 28/07/2015 English Books Reference  
        Patel Nagar Patel Nagar 30/06/2018 BPPD/Pub 1100.00     954.11 BEA B-217626 30/06/2018   1 1100.00 30/06/2018 English Books Non-fiction Dewey Decimal Classification
        Shahdara Branch Shahdara Branch 22/05/2018 BPPD/PUB 1100.00 2 2 954.11 BEA B-217629 10/10/2022 26/09/2022   1100.00 22/05/2018 English Books Non-fiction Dewey Decimal Classification

© Delhi Public Library
Hit Counter
free hit counter